<?xml version="1.0" encoding="UTF-8"?>
<record
    xmlns:xsi="http://www.w3.org/2001/XMLSchema-instance"
    xsi:schemaLocation="http://www.loc.gov/MARC21/slim http://www.loc.gov/standards/marcxml/schema/MARC21slim.xsd"
    xmlns="http://www.loc.gov/MARC21/slim">

  <leader>03307nam a2200565Ia 4500</leader>
  <controlfield tag="001">456</controlfield>
  <controlfield tag="008">241029s9999    xx            000 0 und d</controlfield>
  <datafield tag="010" ind1=" " ind2=" ">
    <subfield code="a">421</subfield>
  </datafield>
  <datafield tag="041" ind1=" " ind2=" ">
    <subfield code="a">Espa&#xF1;ol</subfield>
  </datafield>
  <datafield tag="082" ind1=" " ind2=" ">
    <subfield code="a">2012-11765</subfield>
  </datafield>
  <datafield tag="245" ind1=" " ind2="0">
    <subfield code="a">Uso de los recursos did&#xE1;cticos en el proceso de ense&#xF1;anza-aprendizaje en el &#xE1;rea de las Ciencias Sociales, Liceo del Distrito Educativo 05-01, per&#xED;odo 2011-2012</subfield>
  </datafield>
  <datafield tag="260" ind1=" " ind2=" ">
    <subfield code="a">San Pedro de Macor&#xED;s</subfield>
  </datafield>
  <datafield tag="300" ind1=" " ind2=" ">
    <subfield code="a">74</subfield>
  </datafield>
  <datafield tag="520" ind1=" " ind2=" ">
    <subfield code="a">20</subfield>
  </datafield>
  <datafield tag="630" ind1=" " ind2=" ">
    <subfield code="a">Aprendizaje</subfield>
  </datafield>
  <datafield tag="630" ind1=" " ind2=" ">
    <subfield code="a">Ense&#xF1;anza</subfield>
  </datafield>
  <datafield tag="630" ind1=" " ind2=" ">
    <subfield code="a">Recursos Did&#xE1;cticos</subfield>
  </datafield>
  <datafield tag="630" ind1=" " ind2=" ">
    <subfield code="a">Tecnolog&#xED;a Educativa</subfield>
  </datafield>
  <datafield tag="650" ind1=" " ind2=" ">
    <subfield code="a">Ciencias Sociales</subfield>
  </datafield>
  <datafield tag="690" ind1=" " ind2=" ">
    <subfield code="a">Copiado sin cambios</subfield>
  </datafield>
  <datafield tag="700" ind1=" " ind2=" ">
    <subfield code="e">asesor</subfield>
    <subfield code="a">Cabrera, Argentina</subfield>
  </datafield>
  <datafield tag="700" ind1=" " ind2=" ">
    <subfield code="e">autor</subfield>
    <subfield code="a">Ram&#xED;rez Richards, Yeritza Mercedes </subfield>
  </datafield>
  <datafield tag="700" ind1=" " ind2=" ">
    <subfield code="e">autor</subfield>
    <subfield code="a">Castro Castillo, Martina</subfield>
  </datafield>
  <datafield tag="901" ind1=" " ind2=" ">
    <subfield code="a">{"1":"Ram&#xED;rez Richards","2":"Castro Castillo"}</subfield>
    <subfield code="b">{"1":"Yeritza Mercedes ","2":"Martina"}</subfield>
  </datafield>
  <datafield tag="902" ind1=" " ind2=" ">
    <subfield code="a">1</subfield>
  </datafield>
  <datafield tag="903" ind1=" " ind2=" ">
    <subfield code="a">{"1":"Cabrera"}</subfield>
    <subfield code="b">{"1":"Argentina"}</subfield>
  </datafield>
  <datafield tag="904" ind1=" " ind2=" ">
    <subfield code="a">Maestr&#xED;a en</subfield>
  </datafield>
  <datafield tag="905" ind1=" " ind2=" ">
    <subfield code="a">Ciencias Sociales</subfield>
  </datafield>
  <datafield tag="906" ind1=" " ind2=" ">
    <subfield code="a">1</subfield>
  </datafield>
  <datafield tag="907" ind1=" " ind2=" ">
    <subfield code="a">Orientada en</subfield>
  </datafield>
  <datafield tag="908" ind1=" " ind2=" ">
    <subfield code="a">Investigaci&#xF3;n y Ense&#xF1;anza</subfield>
  </datafield>
  <datafield tag="909" ind1=" " ind2=" ">
    <subfield code="a">ISFODOSU, Recinto Juan Vicente Moscoso</subfield>
  </datafield>
  <datafield tag="910" ind1=" " ind2=" ">
    <subfield code="a">NULL</subfield>
    <subfield code="b">NULL</subfield>
  </datafield>
  <datafield tag="911" ind1=" " ind2=" ">
    <subfield code="a">["1"]</subfield>
  </datafield>
  <datafield tag="912" ind1=" " ind2=" ">
    <subfield code="a">NO APLICA</subfield>
  </datafield>
  <datafield tag="913" ind1=" " ind2=" ">
    <subfield code="a">NULL</subfield>
  </datafield>
  <datafield tag="914" ind1=" " ind2=" ">
    <subfield code="a">01 de Mayo de 2012</subfield>
  </datafield>
  <datafield tag="915" ind1=" " ind2=" ">
    <subfield code="a">17/09/14 10:09</subfield>
  </datafield>
  <datafield tag="916" ind1=" " ind2=" ">
    <subfield code="a">NULL</subfield>
  </datafield>
  <datafield tag="917" ind1=" " ind2=" ">
    <subfield code="a">NULL</subfield>
  </datafield>
  <datafield tag="918" ind1=" " ind2=" ">
    <subfield code="a">NO APLICA</subfield>
  </datafield>
  <datafield tag="919" ind1=" " ind2=" ">
    <subfield code="a">["18","202","175","191"]</subfield>
  </datafield>
  <datafield tag="520" ind1=" " ind2=" ">
    <subfield code="a">Este estudio tuvo como objetivo general analizar el uso de los Recursos Did&#xE1;cticos en el proceso de Ense&#xF1;anza-Aprendizaje en el &#xE1;rea de Ciencias Sociales. De acuerdo con las variables sustentadas al soporte te&#xF3;rico fundamental se bas&#xF3; en los conceptos relacionados, de cuales materiales est&#xE1;n dotados los liceos en el &#xE1;rea de Ciencias Sociales, factores que inciden en el uso y manejo de los recursos did&#xE1;cticos en los Liceos Gast&#xF3;n Fernando Deligne y Federico R. Berm&#xFA;dez.&#xA0;El recurso did&#xE1;ctico es una construcci&#xF3;n particular de un docente para una clase determinada, a trav&#xE9;s de la cual un material, una estrategia, se convierte en herramienta de trabajo.&#xA0;Los medios audiovisuales ocupan un lugar muy importante en la relaci&#xF3;n sujeto de ense&#xF1;anza-aprendizaje.Los recursos did&#xE1;cticos tienen una importancia fundamental en la educaci&#xF3;n, constituyen una herramienta de valor incalculable dentro del proceso de ense&#xF1;anza-aprendizaje.&#xA0;El uso de los recursos audiovisuales es muy antiguo en la ense&#xF1;anza, fueron usados por las grandes civilizaciones antiguas como: Egipto, La India, y la China. Se emplearon moderadamente en forma sistem&#xE1;tica y planeada a ra&#xED;z de la Segunda Guerra Mundial.&#xA0;Metodol&#xF3;gicamente es una investigaci&#xF3;n cuantitativa y descriptiva, la cual corresponde al tipo de investigaci&#xF3;n documental y de campo.&#xA0;Para la recolecci&#xF3;n de datos se aplic&#xF3; la t&#xE9;cnica de observaci&#xF3;n y encuesta. Los resultados &#xA0;permitieron determinar que los docentes presentan deficiencia en el uso y manejo de los recursos &#xA0;did&#xE1;cticos en el &#xE1;rea de Ciencias Sociales. Para mejorar esta deficiencia se propuso, dise&#xF1;ar y ejecutar talleres sobre el uso y manejo de los Recursos Did&#xE1;cticos.&#xA0;</subfield>
  </datafield>
  <datafield tag="921" ind1=" " ind2=" ">
    <subfield code="a">2</subfield>
  </datafield>
  <datafield tag="922" ind1=" " ind2=" ">
    <subfield code="a">2</subfield>
  </datafield>
  <datafield tag="923" ind1=" " ind2=" ">
    <subfield code="a">0</subfield>
  </datafield>
  <datafield tag="924" ind1=" " ind2=" ">
    <subfield code="a">NO APLICA</subfield>
  </datafield>
  <datafield tag="942" ind1=" " ind2=" ">
    <subfield code="c">Tesis</subfield>
  </datafield>
  <datafield tag="999" ind1=" " ind2=" ">
    <subfield code="c">421</subfield>
    <subfield code="d">421</subfield>
  </datafield>
</record>
